Official Languages of Africa - Statistics

General Stats
  • This quiz has been taken 723 times
    576 since last reset
  • The average score is 20 of 35
Answer Stats
Countries Language % Correct
Egypt, Morocco, 9 others Arabic
99%
D.R. Congo, Senegal, 20 others French
97%
South Africa, Ghana, 18 others English
96%
Angola, Mozambique, 4 others Portuguese
94%
Kenya, Rwanda, Tanzania, Uganda Swahili
89%
Equatorial Guinea Spanish
88%
South Africa Afrikaans
86%
Algeria, Morocco Berber
82%
Somalia, Ethiopia Somali
82%
South Africa Zulu
82%
Ethiopia Amharic
77%
South Africa, Lesotho, Zimbabwe Sesotho
75%
South Africa, Eswatini Swazi
72%
South Africa, Zimbabwe Xhosa
72%
Madagascar Malagasy
70%
South Africa, Botswana, Zimbabwe Tswana
69%
Burundi Kirundi
64%
Rwanda Kinyarwanda
63%
Eritrea, Ethiopia Tigrinya
59%
Seychelles Seychellois Creole
57%
Ethiopia Oromo
56%
Comoros Comorian
54%
South Africa, Zimbabwe Ndebele
45%
South Africa Northern Sotho
45%
South Africa, Zimbabwe Tsonga
40%
Malawi Chewa
39%
Zimbabwe Shona
37%
Ethiopia Afar
36%
South Africa, Zimbabwe Venda
35%
Central African Republic Sango
33%
Zimbabwe Tonga
12%
Zimbabwe Kalanga
6%
Zimbabwe Nambya
6%
Zimbabwe Ndau
5%
Zimbabwe Sena
5%
No matching quizzes found
Score Distribution
Percent of People with Each Score
Percentile by Number Answered
Your Score History
You have not taken this quiz since the last reset